| 000 | 01020nas a2200313 4500 | ||
|---|---|---|---|
| 001 | BR9702171 | ||
| 003 | BR-BrBNA | ||
| 005 | 20231205100158.0 | ||
| 007 | ta | ||
| 008 | 230509b bl.|||p| |||| 00| 00por d | ||
| 040 |
_aBR-BrBNA _bpor _cBiblioteca Nacional de Agricultura |
||
| 041 | _a(Pt) | ||
| 072 | _aL02 | ||
| 100 | 1 | _aLopes, M.A. | |
| 100 | 1 | _aNeiva, R.S. | |
| 100 | 1 | _aValente, J. | |
| 100 | 1 | _aMartinez, M.L. | |
| 100 | 1 | _aVeiga, R.D. | |
| 100 | 1 | _aSilva, A.R.P. da | |
| 100 | 1 | _aFreitas, A.F. de | |
| 245 | 1 | _aAplicacao da funcao tipo gama incompleta no estudo da curva de lactacao de vacas da raca holandesa, variedade preta-e-branca, mantidas em sistema intensivo de producao | |
| 650 | _aGado Holandes | ||
| 650 | _aVaca | ||
| 650 | _aConfinamento | ||
| 650 | _aCurva de Lactacao | ||
| 773 | 0 |
_tRevista da Sociedade Brasileira de Zootecnia (Brazil) _xISSN 0100-4859 _g(Nov-Dec 1996), v. 25(6) p. 1086-1101 _wBR9702171 |
|
| 909 |
_a202311 _bLúcia _c55 _dLúcia Elande |
||
| 942 |
_2AGRIS _n0 _cANA |
||
| 999 |
_c154631 _d154631 |
||